Регионална библиотека "Любен Каравелов" - Русе

Шантава седмица (Запис номер 179446)

MARC детайли
000 -Лидер
Контролно поле с фиксирана дължина 01385nam a2200337 c 4500
003 - Код на организацията, давaща контролен номер
Контролно поле BLK
005 - Дата и час на последна редакция
Контролно поле 20210511111546.0
008 - Елементи от данни с фиксирана дължина
fixed length control field 180411b bul|||||r ||||||| ||bul||
010 ## - Наследен системен номер
LC control number KNG00188225000
020 ## - Международен стандартен номер на книга ISBN
Международен стандартен номер на книга ISBN 9789547693692
040 ## - Източник на каталожния запис
Идентификатор на билиотеката - собственик на записа BLK
041 ## - Код за език
Код за езика на текст/звукозапис или на отделно заглавие Български
Код за езика КДБФ Български
072 #7 - Код за тематичната категория
Код организация bullib
Код за тематична категория Н83
Текст Чужда художествена литература Н
080 ## - УДК
Текстов определител УДК Американска литература (на САЩ)
УДК код - определител по УДК 821.111(73)
УДК определител -31
УДК - код + определител 821.111(73)-31
100 1# - Редна дума - Автор
Автор Тропър, Джонатан
Авторска отговорност първи автор
R(LIN) 131547
139 ## - Редно поле
Редна дума Тропър, Джонатан
Авторски знак Тро - Т 86
245 10 - Сведения за заглавието
Заглавие Шантава седмица
Подзаглавни данни Роман
Редно поле (дума) Джонатан Тропър; прев. от англ. Здравка Атанасова Славянова.
257 ## - Страна на издаване
Страна на създаване/издаване Съединени американски щати
260 ## - Област на издателските данни
Име на издателя, разпространителя и проч. Обсидиан
Година на издаване 2014
Печатница В. Търново : Абагар
300 ## - Физическа характеристика
Страници 384 с.
Размери/Мащаб 20 см
380 ## - Жанр
Жанр Худож. лит.
500 ## - Общи забележки
Забележка Ориг. загл. This Is Where I Leave You / Jonathan Tropper.
653 ## - Ключова дума – ненормативна
Ключова дума романи
659 ## - Тематичен бюлетин
Тематичен бюлетин Н
700 1# - Други автори (авторска отговорност)
Лично име Славянова, Здравка Атанасова
Автороска отговорност (Описва отношението между автора и произведението) прев. от англ.
9 (RLIN) 121440
852 ## - Местоположение
Форматна сигнатура Цб 293778
856 4# - Електронен адрес и достъп
Електронен формат pdf - файл
856 4# - Електронен адрес и достъп
Електронен формат pdf - файл
999 ## - СИСТЕМНИ КОНТРОЛНИ НОМЕРА
Koha biblionumber 179446
Koha biblioitemnumber 179446
942 ## - АРТИКУЛИ
Вид на библиотечния материал Книги
Скрит в OPAC Не
Koha issues (borrowed), all copies 25
944 ## - СЪЗДАВАНЕ И РЕДАКЦИЯ на ЗАПИСА
Създаване/Редакция Създаване
Дата на регистрацията/редакция 03.06.2016
Статус, дата на статуса ф /
Служител, извършил регистрацията/редакцията Виолета_Тройчева
944 ## - СЪЗДАВАНЕ И РЕДАКЦИЯ на ЗАПИСА
Създаване/Редакция Редакция
Дата на регистрацията/редакция 13.06.2016
Статус, дата на статуса ф /
Служител, извършил регистрацията/редакцията Людмила_Стоянова
944 ## - СЪЗДАВАНЕ И РЕДАКЦИЯ на ЗАПИСА
Създаване/Редакция Редакция
Дата на регистрацията/редакция 2019-02-18
Служител, извършил регистрацията/редакцията Петя Минчева
999 ## - СИСТЕМНИ КОНТРОЛНИ НОМЕРА
Koha biblioitemnumber 179446
999 ## - СИСТЕМНИ КОНТРОЛНИ НОМЕРА
Koha biblioitemnumber 179446
Наличности
Код за отписване Код за изгубен артикул Код за повреда Коз за рестрикции Код за отдаване Артикулен № Име на библиотеката - собственик Име на библиотеката, в която се намира в момента Статус (Текущо местоположение) Дата на вписване в системата Местоположение - отдел Цена в лева Инвентарен номер Систематично азбучна сигнатура Баркод Номер на екземпляра Цена в евро Служебна бележка Служебен тип на артикула Източник на класификационната схема
  Не е изгубен Не е повреден без рестрикции заемане за дома 307805 Регионална библиотека "Любен Каравелов" Русе Регионална библиотека "Любен Каравелов" Русе Заемна - подръчен фонд 2016-06-04 Заемна - подръчен фонд 5.00 120000800734 П 820(73)-31/Т 86 120000800734 1 2.56 Дост: Pk Вид: Ф N: 463 Дата: 03.06.2016 Книги  
  Не е изгубен Не е повреден без рестрикции заемане за дома 307806 Регионална библиотека "Любен Каравелов" Русе Регионална библиотека "Любен Каравелов" Русе Заемна - подръчен фонд 2016-06-04 Заемна - подръчен фонд 5.00 120000800735 П 820(73)-31/Т 86 120000800735 2 2.56 Дост: Pk Вид: Ф N: 463 Дата: 03.06.2016 Дата инв: 13.02.2018 Бележки инв: П2018 Книги Universal Decimal Classification
  Не е изгубен Не е повреден без рестрикции ползва се в читалня 689861 Регионална библиотека "Любен Каравелов" Русе Регионална библиотека "Любен Каравелов" Русе Хранилище 2019-02-19 Хранилище 16.00   Цб 293778 120000830016   8.18   Книги Universal Decimal Classification
Vip Innovations Ltd, Rousse, Bulgaria 2025